000 00629nam a2200241Ia 4500
003 OSt
005 20221005040244.0
006 a|||||r|||| 00| 0
007 ta
008 221004b |||||||| |||| 00| 0 eng d
024 _a61710
037 _cTextual
040 _aCRL
_cCRL
_beng
041 _2eng
_aeng
082 _aR694, M4
100 _aAsvaghosa
245 0 _aBuddhacharita or acts of the Buddha Tr by E H Johnston
260 _aDelhi
_bMotilal Banarsidass India
_c1984
300 _a130p.
_ccm.
650 _aPHILOSOPHY
942 _hR694, M4
_cTEXL
_2cc
999 _c946654
_d946654